| 000 | 00591nam a2200181 i 4500 | ||
|---|---|---|---|
| 001 | 104718 | ||
| 003 | ES-MaACL | ||
| 005 | 20251011063121.0 | ||
| 007 | t| | ||
| 008 | 051209s1968 sp ||||1| spa d | ||
| 100 | 1 |
_aMiralles, Carles, _d1944-2015 _9172273 |
|
| 245 | 1 | 0 |
_aTragedia y política en Esquilo / _cCarlos Mirallles. |
| 260 |
_aBarcelona : _bInstituto de Estudios Helénicos, _c1968. |
||
| 300 |
_a253 p. ; _c23 cm. |
||
| 710 | 2 |
_aUniversidad de Barcelona. _bInstituto de Estudios Helénicos. _97154 |
|
| 852 |
_aES-MaACL _jC-35524 _bR.68500 |
||
| 999 |
_c104718 _d104718 |
||